| 000 | 00731nam a2200229 a 4500 | ||
|---|---|---|---|
| 001 | BRCA_1761 | ||
| 005 | 20190320203535.0 | ||
| 008 | 830813s1982 mx-a---##b---#000-0#spa-# | ||
| 020 | _a9688000450 | ||
| 040 |
_aDLC _cDLC _dDLC |
||
| 050 | 4 |
_aND1312.M45 _b.A24 1982 |
|
| 100 | 1 |
_aAcevedo de Iturriaga, Esther _95492 |
|
| 245 | 1 | 0 |
_aCatálogo del retrato del siglo XIX en el Museo Nacional de Historia _cEsther Acevedo de Iturriaga. |
| 260 |
_aMéxico _bINAH _c1982 |
||
| 300 |
_a168 p. _bil. _c30 cm. |
||
| 500 | _aColección Sonia Corcuera de Mancera | ||
| 504 | _aBibliografía: p. 167-168 | ||
| 651 | 4 |
_aMéxico _xHistoria _ySiglo XIX _95493 |
|
| 651 | 4 |
_aMéxico _vRetratos _xBiografía _95494 |
|
| 902 | _aDSC | ||
| 942 |
_2lcc _cB |
||
| 999 |
_c1544 _d1544 |
||